An introduction to linguistics /

This book introduces the nature of language. It deals with the sounds that we make when we speak, with the way in which we construct sentences, with the ways in which our speech varies between social situations, and so on.

Spremljeno u:
Bibliografski detalji
Glavni autor: Poole, Stuart C., 1947-
Format: Knjiga
Jezik:English
Izdano: Basingstoke, Hamps. : Macmillan, 1999.
Teme:
Oznake: Dodaj oznaku
Bez oznaka, Budi prvi tko označuje ovaj zapis!
Thư viện lưu trữ: Mạng thư viện Đại học Đà Nẵng
LEADER 01091cam a2200349 i 4500
001 000047487
003 7168
005 20030311111342.0
008 010326|1999 vm 000 eng
020 |a 0333692187 
040 |a IRC  |c IRC  |d IRC 
041 0 |a eng 
082 1 4 |a 410  |b PO-S 
100 1 |a Poole, Stuart C.,  |d 1947- 
245 0 3 |a An introduction to linguistics /  |c Stuart C. Poole. 
260 |a Basingstoke, Hamps. :  |b Macmillan,  |c 1999. 
300 |a 214 p. ;  |c 22cm. 
520 3 |a This book introduces the nature of language. It deals with the sounds that we make when we speak, with the way in which we construct sentences, with the ways in which our speech varies between social situations, and so on. 
630 0 4 |a Linguistics. 
630 0 4 |a Language and languages. 
650 0 4 |a Linguistics. 
650 0 4 |a Language and languages. 
OWN |a DUT 
999 |a From the UDN01 
TYP |a Monograph 
TYP |a Printed language 
980 |a Mạng thư viện Đại học Đà Nẵng